INNOVATION in astronomy education
Gardado en:
| Formato: | Libro |
|---|---|
| Idioma: | inglés |
| Publicado: |
Cambridge University Press
2008
|
| Tags: |
Engadir etiqueta
Sen Etiquetas, Sexa o primeiro en etiquetar este rexistro!
|
MARC
| LEADER | 00000nam a22000007a 4500 | ||
|---|---|---|---|
| 008 | 240227b |||||||| |||| 00| 0 eng d | ||
| 020 | |a 9781197412873 | ||
| 245 | |a INNOVATION in astronomy education |c /edited by Jay M.Pasachoff, Rosa M.Ros and Naomi Pasachoff |g xii,, 334p;ill | ||
| 250 | |c Pasachoff, Jay M. | ||
| 250 | |c Ros,Rosa M. | ||
| 250 | |c Pasachoff, Naomi | ||
| 260 | P | |b Cambridge University Press |c 2008 |h New York |i 701593 |i 701594 |l QB61,In6 |m Astronomy-Study and teaching-Congresses | |
| 500 | |a it includes index | ||
| 942 | |a lcc |c BK |e Johnson |f 27/02/24 | ||
| 952 | |0 0 |1 0 |2 lcc |4 0 |7 0 |9 4910 |a SL |b HOL |c QZ |d 2024-02-27 |l 0 |o QB61,In6 |p 2024-0161 |r 2024-02-27 00:00:00 |t 701593 |w 2024-02-27 |y BK | ||
| 952 | |0 0 |1 0 |2 lcc |4 0 |7 0 |9 4911 |a HOL |b HOL |c QZ |d 2024-02-27 |l 0 |o QB61,In6 |p 2024-0162 |r 2024-02-27 00:00:00 |t 701594 |w 2024-02-27 |y BK | ||
| 999 | |c 2438 |d 2438 | ||